[Event "Lost Boys op"]
[Site "Amsterdam"]
[Date "2002.07.26"]
[Round "1"]
[White "Peek, Marcel"]
[Black "Piceu, Tom"]
[Result "1/2-1/2"]
[WhiteElo "2345"]
[BlackElo "2173"]
[PlyCount "136"]
[EventDate "2002.07.26"]
[Source "ChessBase"]
[SourceDate "2002.09.11"]

1. d4 Nf6 2. Nf3 c5 3. d5 e6 4. c4 exd5 5. cxd5 d6 6. Nc3 g6 7. e4 Bg7 8. Bg5 h6 9. Bh4 g5 10. Bg3 Nh5 11. Bb5+ Bd7 12. Bxd7+ Nxd7 13. Bxd6 Qb6 14. e5 Qxb2 15. Rc1 g4 16. O-O gxf3 17. Qxf3 Bxe5 18. Rfe1 O-O-O 19. Na4 Qxa2 20. Bxe5 Qxa4 21. Bxh8 Rxh8 22. Qxh5 Qf4 23. g3 Qf6 24. Rc4 Rg8 25. Rce4 Rg5 26. Qd1 Qd6 27. Qa1 a6 28. Qh8+ Kc7 29. Re8 Qxd5 30. Rc8+ Kd6 31. Qd8 Re5 32. Qc7+ Ke7 33. Rxe5+ Qxe5 34. Qxb7 a5 35. Ra8 c4 36. Qc6 Qc5 37. Qxc5+ Nxc5 38. Rxa5 Kd6 39. Kf1 Kd5 40. Ke2 Kd4 41. Ra8 Nb3 42. Rd8+ Kc3 43. g4 Kb2 44. Rc8 c3 45. Kd3 Nc1+ 46. Ke3 c2 47. h4 Na2 48. Kd2 c1=Q+ 49. Rxc1 Nxc1 50. g5 Nb3+ 51. Ke3 h5 52. f4 Kc3 53. f5 Nd4 54. Ke4 Kc4 55. g6 fxg6 56. fxg6 Ne6 57. Ke5 Ng7 58. Kf6 Ne8+ 59. Ke7 Ng7 60. Kf7 Nf5 61. Kf6 Nd6 62. Kg5 Ne8 63. Kxh5 Kd5 64. Kg5 Ke6 65. h5 Ke7 66. h6 Kf8 67. Kf5 Kg8 68. Ke5 Ng7 1/2-1/2

[Event "Wch U20"]
[Site "Graz"]
[Date "1978.??.??"]
[Round "11"]
[White "Morrison, Graham"]
[Black "Ortega, Lexy"]
[Result "1-0"]
[WhiteElo "2200"]
[BlackElo "2315"]
[PlyCount "63"]
[EventDate "1978.09.??"]
[Source "ChessBase"]

1. Nf3 Nf6 2. c4 e6 3. d4 c5 4. d5 exd5 5. cxd5 d6 6. Nc3 g6 7. e4 Bg7 8. Bg5 h6 9. Bh4 g5 10. Bg3 Nh5 11. Bb5+ Kf8 12. e5 a6 13. Be2 Nxg3 14. fxg3 g4 15. Nh4 Bxe5 16. O-O Rg8 17. Qd3 Qg5 18. Ne4 Qg7 19. Kh1 b5 20. Rf2 Ke7 21. Raf1 Ra7 22. Nf6 Bxf6 23. Rxf6 Qxf6 24. Rxf6 Kxf6 25. Qh7 Re8 26. Qxh6+ Ke7 27. h3 gxh3 28. Bh5 hxg2+ 29. Kxg2 a5 30. Bxf7 Kxf7 31. Qh7+ Kf6 32. Qg6+ 1-0

[Event "Saiz mem"]
[Site "?"]
[Date "1998.??.??"]
[Round "?"]
[White "Gomez Felix"]
[Black "Hernandez Tania"]
[Result "1-0"]
[WhiteElo "2335"]
[BlackElo "2175"]
[PlyCount "51"]
[EventDate "1998.??.??"]
[Source "www.chesslib.no"]
[SourceDate "2004.05.04"]

1. d4 Nf6 2. Nf3 c5 3. d5 e6 4. c4 exd5 5. cxd5 d6 6. Nc3 g6 7. Bg5 Bg7 8. e4 O-O 9. Nd2 a6 10. a4 Nbd7 11. Be2 Qc7 12. O-O Re8 13. Qc2 Rb8 14. a5 Ne5 15. f4 Neg4 16. Nc4 h6 17. Bh4 Nh7 18. Bxg4 Bxg4 19. f5 Bd4+ 20. Kh1 gxf5 21. exf5 Bxc3 22. Qxc3 Be2 23. Rf4 Ng5 24. Qf6 Bxc4 25. Bxg5 Qxa5 26. b4 1-0

[Event "It (Open) Canberra AUS"]
[Site "?"]
[Date "2006.04.15"]
[Round "4"]
[White "Goldenberg Igor"]
[Black "Hoffmann Achim Gunter"]
[Result "1-0"]
[WhiteElo "2328"]
[BlackElo "2178"]
[PlyCount "36"]
[EventDate "2006.??.??"]
[Source "www.chesslib.no"]
[SourceDate "2004.05.04"]

1. d4 Nf6 2. Nf3 e6 3. c4 c5 4. d5 exd5 5. cxd5 d6 6. Nc3 g6 7. e4 Bg7 8. Bg5 Qa5 9. Nd2 a6 10. Be2 b5 11. Qc2 O-O 12. O-O Qc7 13. a4 b4 14. Nd1 a5 15. Ne3 Re8 16. b3 Nbd7 17. Rad1 Nb6 18. Rfe1 Ra7 1-0

[Event "CZE-chTJ 9900"]
[Site "?"]
[Date "1999.??.??"]
[Round "?"]
[White "Netusil Miroslav"]
[Black "Meszaros Ludek"]
[Result "0-1"]
[WhiteElo "2260"]
[BlackElo "2243"]
[PlyCount "88"]
[EventDate "1999.??.??"]
[Source "www.chesslib.no"]
[SourceDate "2004.05.04"]

1. d4 Nf6 2. c4 c5 3. d5 e6 4. Nc3 exd5 5. cxd5 g6 6. e4 d6 7. Nf3 Bg7 8. Bg5 O-O 9. Nd2 Na6 10. Be2 Nc7 11. a4 a6 12. O-O Rb8 13. f4 Qe8 14. Bf3 b5 15. Re1 Nd7 16. e5 dxe5 17. fxe5 Nxe5 18. d6 Ne6 19. Be7 Nd3 20. Nde4 Nxe1 21. Qxe1 f5 22. Nd2 Rf7 23. axb5 axb5 24. Ra7 c4 25. Kh1 Bd4 26. Bd5 Bxa7 27. Bxe6 Bxe6 28. Qxe6 b4 29. Nd5 Qa4 30. Bh4 Qd1+ 31. Be1 Bf2 32. Nf3 Bxe1 33. Nxe1 Rd8 34. h3 Rxd6 35. Qxd6 Qxe1+ 36. Kh2 c3 37. bxc3 bxc3 38. Nf4 Qe4 39. Ne6 h6 40. Nf4 Qe7 41. Qxg6+ Rg7 42. Qxf5 Qf7 43. Qc8+ Kh7 44. Ne6 Qb7 0-1

[Event "Pologne (championnat clubs ligue 2)"]
[Site "?"]
[Date "2004.09.09"]
[Round "7.51"]
[White "Gralka Julian"]
[Black "Cajbel Maciej"]
[Result "1-0"]
[WhiteElo "2276"]
[BlackElo "2186"]
[PlyCount "61"]
[EventDate "2004.??.??"]
[Source "www.chesslib.no"]
[SourceDate "2004.05.04"]

1. d4 Nf6 2. c4 c5 3. d5 e6 4. Nc3 exd5 5. cxd5 d6 6. e4 g6 7. Nf3 Bg7 8. Bg5 h6 9. Bh4 g5 10. Bg3 Nh5 11. Bb5+ Bd7 12. Bxd7+ Qxd7 13. Ne5 Bxe5 14. Bxe5 dxe5 15. Qxh5 Na6 16. Qe2 Nc7 17. Qc4 b6 18. a4 f6 19. O-O O-O 20. Rfd1 Kg7 21. Rd3 Rfd8 22. Rad1 Ne8 23. Rh3 Nd6 24. Qe2 Rh8 25. Nb5 a6 26. Nxd6 Qxd6 27. Rb3 Rhb8 28. Qc4 Rb7 29. Rc1 Rc7 30. h3 Raa7 31. Rbc3 1-0

[Event "TCh-BEL 2005-6"]
[Site "?"]
[Date "2005.11.06"]
[Round "3"]
[White "Groffen Hans"]
[Black "Huizer Mark"]
[Result "1/2-1/2"]
[WhiteElo "2210"]
[BlackElo "2222"]
[PlyCount "117"]
[EventDate "2005.??.??"]
[Source "www.chesslib.no"]
[SourceDate "2004.05.04"]

1. d4 Nf6 2. c4 e6 3. Nc3 c5 4. d5 exd5 5. cxd5 d6 6. e4 g6 7. Nf3 Bg7 8. Bg5 h6 9. Bh4 O-O 10. Nd2 a6 11. a4 Nbd7 12. Be2 Qc7 13. Bg3 Rb8 14. Nc4 Ne8 15. Qc2 Nb6 16. Ne3 Bd7 17. a5 Nc8 18. O-O Na7 19. Nc4 Nb5 20. Nxb5 Bxb5 21. Nb6 Bxe2 22. Qxe2 Qe7 23. Rfe1 Nc7 24. e5 dxe5 25. Bxe5 Rbe8 26. d6 Qxe5 27. Qxe5 Bxe5 28. Rxe5 Nb5 29. Rxe8 Rxe8 30. d7 Rd8 31. Rc1 Nd4 32. Rxc5 Nc6 33. f4 Kf8 34. Kf2 Ke7 35. Rd5 Ke6 36. g4 Nb8 37. f5+ gxf5 38. gxf5+ Ke7 39. Nc8+ Kf8 40. Nb6 Ke7 41. Kf3 Nxd7 42. Nxd7 Rxd7 43. Rxd7+ Kxd7 44. Kg4 Ke7 45. h4 Kf6 46. Kf4 Ke7 47. Kg4 Kf6 48. Kh5 Kxf5 49. Kxh6 Ke4 50. Kg5 f5 51. h5 f4 52. h6 f3 53. h7 f2 54. h8=Q f1=Q 55. Qe8+ Kd4 56. Qd7+ Ke5 57. Qc7+ Ke6 58. Qb6+ Ke5 59. Qc5+ 1/2-1/2

[Event "1. League TCh-SCG women"]
[Site "?"]
[Date "2003.09.09"]
[Round "11"]
[White "Aleksov Anita"]
[Black "Manakova Maria"]
[Result "0-1"]
[WhiteElo "2067"]
[BlackElo "2365"]
[PlyCount "72"]
[EventDate "2003.??.??"]
[Source "www.chesslib.no"]
[SourceDate "2004.05.04"]

1. d4 Nf6 2. c4 c5 3. d5 e6 4. Nc3 exd5 5. cxd5 d6 6. e4 g6 7. Nf3 Bg7 8. Bg5 O-O 9. Bd3 h6 10. a4 Qc7 11. O-O c4 12. Bc2 Nbd7 13. Re1 Re8 14. h3 b6 15. Bf4 Nh5 16. Bh2 Bb7 17. Qd2 Rad8 18. Rac1 Nc5 19. g4 Nf6 20. Nd4 Re7 21. Re2 Nfd7 22. f4 Nd3 23. Nf3 Qc5+ 24. Kg2 Nxc1 25. Qxc1 Bxc3 26. bxc3 Bxd5 27. Bg1 Qc7 28. Qe1 Rde8 29. Bd4 Qb7 30. Qh4 Bxe4 31. Bxe4 Rxe4 32. Rxe4 Qxe4 33. Qxh6 f6 34. Kg3 Qe7 35. g5 f5 36. Kg2 Nc5 0-1

[Event "Ch Quebec"]
[Site "Quebec CAN"]
[Date "1987.??.??"]
[Round "10"]
[White "Bolduc, Steve"]
[Black "Saint-Amand, Paul"]
[Result "1-0"]
[WhiteElo "2230"]
[BlackElo "2199"]
[PlyCount "127"]
[EventDate "1987.??.??"]
[Source "www.chesslib.no"]
[SourceDate "2004.05.04"]

1. d4 Nf6 2. c4 c5 3. d5 e6 4. Nc3 exd5 5. cxd5 d6 6. Bg5 g6 7. e4 Bg7 8. Nf3 O-O 9. Nd2 a6 10. a4 h6 11. Bh4 Re8 12. Be2 Qc7 13. O-O Nbd7 14. Qc2 g5 15. Bg3 Ne5 16. f4 gxf4 17. Bxf4 Bd7 18. Rae1 Rab8 19. a5 Qxa5 20. Bxe5 dxe5 21. Nc4 Qc7 22. Ne3 Rf8 23. Nf5 Bxf5 24. Rxf5 Ne8 25. Nd1 Nd6 26. Ne3 b5 27. Ref1 c4 28. Ng4 Nxf5 29. exf5 Qc5+ 30. Kh1 f6 31. Bf3 b4 32. Qc1 Rf7 33. Nxh6+ Bxh6 34. Qxh6 Qf8 35. Qe3 Rh7 36. g4 Qh6 37. Qxh6 Rxh6 38. d6 c3 39. bxc3 b3 40. c4 b2 41. Rb1 Rh7 42. c5 Rd7 43. Bd5+ Kg7 44. h4 Rb5 45. Be6 Rxc5 46. Rxb2 Rxd6 47. g5 fxg5 48. hxg5 Rb5 49. Rc2 Rb7 50. Kg2 Rdb6 51. Kf3 Rb1 52. Ke4 R1b5 53. Rc6 Rb8 54. f6+ Kf8 55. g6 Rb4+ 56. Kxe5 R4b7 57. Rxa6 Rb5+ 58. Bd5 Re8+ 59. Re6 Rd8 60. g7+ Kf7 61. Rd6+ Rxd5+ 62. Rxd5 Ra8 63. Kf5 Ra7 64. Re5 1-0

[Event "Wch U20"]
[Site "Graz"]
[Date "1978.??.??"]
[Round "4"]
[White "Rohland, Michael K"]
[Black "Pacis, Adrian"]
[Result "1-0"]
[WhiteElo "2200"]
[BlackElo "2200"]
[PlyCount "105"]
[EventDate "1978.09.??"]
[Source "ChessBase"]

1. d4 Nf6 2. c4 c5 3. d5 e6 4. Nc3 exd5 5. cxd5 d6 6. Nf3 g6 7. e4 Bg7 8. Bg5 O-O 9. Nd2 h6 10. Bh4 g5 11. Bg3 Re8 12. Be2 a6 13. a4 Qe7 14. O-O Nbd7 15. Qc2 Ne5 16. Bxe5 Qxe5 17. Nc4 Qe7 18. e5 dxe5 19. d6 Qd8 20. Rfd1 Bd7 21. a5 e4 22. Nb6 Rb8 23. Nca4 Bxa4 24. Rxa4 Nd7 25. Nd5 Bd4 26. Ne7+ Rxe7 27. dxe7 Qxe7 28. b4 Re8 29. bxc5 Bxc5 30. Rc4 b6 31. axb6 Bxb6 32. Rc6 Rb8 33. Rxh6 Qc5 34. Qxc5 Nxc5 35. Rb1 Na4 36. Kf1 Rc8 37. Bd1 Nc3 38. Rhxb6 Nxb1 39. Rxb1 Rc5 40. Ke2 Kg7 41. Ke3 f5 42. Rb7+ Kf6 43. Kd4 Rc1 44. Rb6+ Ke7 45. Bb3 Rf1 46. Ke5 Rxf2 47. Rb7+ Kd8 48. Kd6 Kc8 49. Rc7+ Kb8 50. Rc2 Rf1 51. Rb2 Ka7 52. Bd5 a5 53. Kc7 1-0

[Event "Marshall CC Ch"]
[Site "New York, NY USA"]
[Date "1983.??.??"]
[Round "1"]
[White "Schroer, Jonathan"]
[Black "Vialet, Theodore"]
[Result "1-0"]
[WhiteElo "2365"]
[BlackElo "2005"]
[PlyCount "45"]
[EventDate "1983.??.??"]
[Source "www.chesslib.no"]
[SourceDate "2004.05.04"]

1. d4 Nf6 2. c4 c5 3. d5 e6 4. Nc3 exd5 5. cxd5 d6 6. e4 g6 7. Nf3 Bg7 8. Bg5 h6 9. Bh4 O-O 10. Nd2 Nbd7 11. Be2 a6 12. a4 Qc7 13. O-O Ne5 14. f4 Neg4 15. Nc4 h5 16. h3 Nh6 17. a5 Rb8 18. e5 Ne8 19. g4 hxg4 20. hxg4 Qd7 21. Kg2 Qc7 22. Rh1 Qd7 23. Bg5 1-0

[Event "YUG-chTW51"]
[Site "Vrnjacka Banja"]
[Date "1999.09.06"]
[Round "4"]
[White "Madan, Bagayatkar"]
[Black "Blanco, Cris"]
[Result "1-0"]
[WhiteElo "2365"]
[BlackElo "2000"]
[PlyCount "51"]
[EventDate "1999.08.18"]
[Source "www.chesslib.no"]
[SourceDate "2004.05.04"]

1. d4 Nf6 2. c4 c5 3. d5 e6 4. Nc3 exd5 5. cxd5 d6 6. e4 g6 7. Nf3 Bg7 8. Bg5 h6 9. Bh4 g5 10. Bg3 Nh5 11. Bb5+ Kf8 12. e5 Nxg3 13. fxg3 g4 14. O-O a6 15. Bd3 gxf3 16. Qxf3 Qe8 17. Bg6 Bxe5 18. Bxf7 Bd4+ 19. Kh1 Qe3 20. Qxe3 Bxe3 21. Bh5+ Ke7 22. Rae1 Nd7 23. Rxe3+ Ne5 24. Ne4 b6 25. Rf6 Bb7 26. Re6+ 1-0

[Event "3rd Hilton Open, Basle SUI"]
[Site "?"]
[Date "2001.??.??"]
[Round "4"]
[White "Schaufelberger, H."]
[Black "Duessel, U."]
[Result "1-0"]
[WhiteElo "2265"]
[BlackElo "2080"]
[PlyCount "67"]
[EventDate "2001.??.??"]
[Source "www.chesslib.no"]
[SourceDate "2004.05.04"]

1. d4 Nf6 2. c4 c5 3. d5 e6 4. Nc3 exd5 5. cxd5 g6 6. e4 d6 7. Nf3 Bg7 8. Bg5 h6 9. Bh4 g5 10. Bg3 Nh5 11. Bb5+ Ke7 12. e5 Nxg3 13. exd6+ Qxd6 14. fxg3 Rd8 15. Qe2+ Kf8 16. Ne4 Qb6 17. O-O g4 18. Nh4 c4+ 19. Kh1 Qxb5 20. Ng6+ Kg8 21. Ne7+ Kh8 22. Nxc8 Qxb2 23. Qxg4 Nd7 24. Ncd6 Ne5 25. Qf5 Qc2 26. Rac1 Qd3 27. Rcd1 Qc2 28. Rc1 Qd3 29. Rfd1 Qe2 30. Nf6 Bxf6 31. Qxf6+ Kg8 32. Nf5 Kf8 33. Re1 Ng4 34. Qg7+ 1-0

[Event "Malaga City-ch"]
[Site "?"]
[Date "2003.01.18"]
[Round "3.4"]
[White "Garcia Munoz Juan Jose"]
[Black "Gavilan Diaz Mario"]
[Result "1-0"]
[WhiteElo "2232"]
[BlackElo "2052"]
[PlyCount "120"]
[EventDate "2003.??.??"]
[Source "www.chesslib.no"]
[SourceDate "2004.05.04"]

1. d4 Nf6 2. c4 c5 3. d5 e6 4. Nc3 exd5 5. cxd5 d6 6. Nf3 g6 7. Bg5 Bg7 8. e4 h6 9. Bf4 Nh5 10. Bb5+ Bd7 11. Bxd7+ Qxd7 12. Bd2 b5 13. O-O O-O 14. Qc1 Kh7 15. Re1 Re8 16. Qc2 Na6 17. a3 Rab8 18. b4 Qc7 19. Qb3 Nf6 20. Rac1 Nd7 21. Bf4 g5 22. Bg3 Ne5 23. Bxe5 Bxe5 24. Nxe5 Rxe5 25. Re3 Qd7 26. Ne2 Rbe8 27. Ng3 Qd8 28. Rce1 Qb6 29. Nf5 Nb8 30. Qd1 Qd8 31. Qh5 Qf6 32. Nxh6 Qg6 33. Qxg6+ Kxg6 34. Ng4 R5e7 35. bxc5 dxc5 36. f3 f6 37. Rd1 Nd7 38. Rc3 a5 39. Rb1 b4 40. axb4 axb4 41. Rc2 Ra8 42. Ne3 Ree8 43. Nc4 Ra6 44. g3 f5 45. Re1 fxe4 46. fxe4 Nf6 47. Rce2 b3 48. d6 Ra4 49. Nd2 b2 50. e5 c4 51. Nb1 Ra1 52. Rxb2 c3 53. Rbe2 Rc8 54. Nxc3 Rxe1+ 55. Rxe1 Rxc3 56. exf6 Rd3 57. Rf1 Kf7 58. Rf5 Rxd6 59. Rxg5 Kxf6 60. Rg4 Rd2 1-0

[Event "St Affrique op"]
[Site "St Affrique"]
[Date "1999.??.??"]
[Round "7"]
[White "Gozzoli, Yannick"]
[Black "Thereze, Ludovic"]
[Result "1-0"]
[WhiteElo "2222"]
[BlackElo "2056"]
[PlyCount "47"]
[EventDate "1999.??.??"]
[Source "www.chesslib.no"]
[SourceDate "2004.05.04"]

1. d4 Nf6 2. c4 c5 3. d5 e6 4. Nc3 exd5 5. cxd5 d6 6. e4 g6 7. Nf3 Bg7 8. Bg5 h6 9. Bh4 O-O 10. Nd2 Na6 11. Be2 Nc7 12. a4 Qe7 13. O-O Bd7 14. f4 Rab8 15. e5 dxe5 16. Nc4 Qe8 17. Nd6 Qe7 18. Nde4 Nce8 19. d6 Qe6 20. f5 gxf5 21. Nxc5 Qxd6 22. Qxd6 Nxd6 23. Bxf6 Bc6 24. Be7 1-0

[Event "Acropolis MI"]
[Site "?"]
[Date "2004.11.17"]
[Round "2"]
[White "Kaloskambis Mihail"]
[Black "Markopoulos Theodoros"]
[Result "1-0"]
[WhiteElo "2171"]
[BlackElo "2094"]
[PlyCount "75"]
[EventDate "2004.??.??"]
[Source "www.chesslib.no"]
[SourceDate "2004.05.04"]

1. d4 Nf6 2. c4 e6 3. Nc3 c5 4. d5 exd5 5. cxd5 d6 6. e4 g6 7. Nf3 Bg7 8. Bg5 O-O 9. Nd2 Na6 10. Be2 Nc7 11. a4 b6 12. O-O Rb8 13. f4 Qd7 14. Nc4 Nfe8 15. e5 a6 16. h3 f6 17. e6 Qe7 18. Bh4 Nxe6 19. dxe6 Bxe6 20. Re1 Qd7 21. Ne3 Nc7 22. Ned5 Nxd5 23. Nxd5 f5 24. Bc4 Kh8 25. Nxb6 Rxb6 26. Bxe6 Qc7 27. b3 Bxa1 28. Qxa1+ Qg7 29. Qxg7+ Kxg7 30. Bd5 Rb4 31. Re7+ Kh8 32. Be1 Rxf4 33. Bc3+ Rd4 34. Kf2 Rb8 35. g3 f4 36. gxf4 Rf8 37. Re4 Rf5 38. Rxd4 1-0

[Event "ARG-ch (Women)"]
[Site "?"]
[Date "2003.06.01"]
[Round "7"]
[White "Malajovich Sandra"]
[Black "Meza Anahi"]
[Result "0-1"]
[WhiteElo "2124"]
[BlackElo "2133"]
[PlyCount "54"]
[EventDate "2003.??.??"]
[Source "www.chesslib.no"]
[SourceDate "2004.05.04"]

1. d4 Nf6 2. Nf3 c5 3. d5 e6 4. c4 exd5 5. cxd5 d6 6. Nc3 g6 7. e4 Bg7 8. Bg5 O-O 9. Nd2 Re8 10. Be2 Nbd7 11. f4 a6 12. a4 Qc7 13. Qc2 Rb8 14. O-O c4 15. Nxc4 b5 16. axb5 axb5 17. e5 bxc4 18. exf6 Nxf6 19. Ra2 Bf5 20. Qd2 Ne4 21. Nxe4 Bxe4 22. Rd1 Qc5+ 23. Kf1 c3 24. bxc3 Bxc3 25. Rc1 Bxd2 26. Rxc5 Rb1+ 27. Kf2 Be1+ 0-1

[Event "Bayernliga 2004/05"]
[Site "?"]
[Date "2004.10.24"]
[Round "1.5"]
[White "Rink Christian"]
[Black "Seeger Werner"]
[Result "1/2-1/2"]
[WhiteElo "2129"]
[BlackElo "2089"]
[PlyCount "69"]
[EventDate "2004.??.??"]
[Source "www.chesslib.no"]
[SourceDate "2004.05.04"]

1. d4 Nf6 2. c4 c5 3. d5 e6 4. Nc3 exd5 5. cxd5 d6 6. e4 g6 7. Nf3 Bg7 8. Bg5 O-O 9. Qd2 Re8 10. Bd3 a6 11. a4 Bg4 12. O-O Bxf3 13. gxf3 Qc7 14. Rad1 Nbd7 15. f4 c4 16. Bb1 Nc5 17. Rfe1 Qd7 18. Qe2 Nxa4 19. e5 Nxc3 20. bxc3 Qh3 21. Qe3 Qg4+ 22. Qg3 Qxg3+ 23. hxg3 Nd7 24. exd6 f6 25. Bh4 Kf7 26. Re7+ Rxe7 27. dxe7 Kxe7 28. d6+ Kf8 29. g4 b5 30. f5 Ne5 31. Be4 Rd8 32. Bg3 a5 33. Bxe5 fxe5 34. fxg6 hxg6 35. Rb1 1/2-1/2

[Event "Catania op-7 Il Gelso Bianco"]
[Site "Catania"]
[Date "1999.08.13"]
[Round "4"]
[White "Dieter, Seidel"]
[Black "Van Der Plas, Robert"]
[Result "0-1"]
[WhiteElo "2000"]
[BlackElo "2200"]
[PlyCount "60"]
[EventDate "1999.08.10"]
[Source "www.chesslib.no"]
[SourceDate "2004.05.04"]

1. d4 Nf6 2. c4 c5 3. d5 e6 4. Nc3 exd5 5. cxd5 d6 6. e4 g6 7. Bg5 Bg7 8. Nf3 h6 9. Bb5+ Bd7 10. Bxd7+ Qxd7 11. Bf4 b5 12. O-O Nh5 13. Qd2 g5 14. Bg3 O-O 15. Rad1 Re8 16. Rfe1 Nxg3 17. hxg3 b4 18. Nb1 a5 19. Qc2 Qc7 20. Nbd2 Nd7 21. Nc4 a4 22. Rd3 Nb6 23. b3 axb3 24. axb3 Nxc4 25. Qxc4 Bc3 26. Re2 Ra1+ 27. Kh2 f5 28. Rxc3 bxc3 29. Qxc3 Qg7 30. e5 Ra7 0-1

[Event "Malaga Ch"]
[Site "Malaga ESP"]
[Date "1981.03.07"]
[Round "5"]
[White "Aguiar Garcia, Juan"]
[Black "Duran Leon, Ramon"]
[Result "0-1"]
[WhiteElo "2021"]
[BlackElo "2127"]
[PlyCount "54"]
[EventDate "1981.02.21"]
[Source "www.chesslib.no"]
[SourceDate "2004.05.04"]

1. d4 Nf6 2. c4 c5 3. d5 e6 4. Nc3 exd5 5. cxd5 d6 6. Nf3 g6 7. e4 Bg7 8. Bg5 h6 9. Bh4 a6 10. Nd2 b5 11. a4 b4 12. Ncb1 Qe7 13. Be2 O-O 14. f4 g5 15. Bg3 Nxe4 16. Nxe4 Qxe4 17. O-O Qd4+ 18. Qxd4 Bxd4+ 19. Kh1 Bxb2 20. Ra2 gxf4 21. Bxf4 Be5 22. Bxh6 Nd7 23. Bxf8 Nxf8 24. Nd2 Rb8 25. Nc4 Ng6 26. Nxe5 Nxe5 27. Rf6 b3 0-1

[Event "Sant Marti-3 Grupo B"]
[Site "Barcelona"]
[Date "2001.05.05"]
[Round "3.7"]
[White "Gamez Navarrete, Josep"]
[Black "Centeno Ortiz, Antoni"]
[Result "0-1"]
[WhiteElo "1985"]
[BlackElo "2070"]
[PlyCount "72"]
[EventDate "2001.04.21"]
[Source "www.chesslib.no"]
[SourceDate "2004.05.04"]

1. d4 Nf6 2. c4 c5 3. d5 e6 4. Nc3 exd5 5. cxd5 d6 6. e4 g6 7. Bg5 Bg7 8. Nf3 a6 9. a4 h6 10. Bd2 O-O 11. Bd3 Re8 12. O-O Bg4 13. Qc2 Nbd7 14. Ne1 Ne5 15. f3 Nxd3 16. Qxd3 Bd7 17. Nc2 b5 18. axb5 axb5 19. Rxa8 Qxa8 20. b4 c4 21. Qe2 Nxd5 22. Ra1 Qb7 23. Ra3 Nxc3 24. Bxc3 d5 25. Qf2 Bxc3 26. Rxc3 dxe4 27. fxe4 Qxe4 28. Re3 Qd5 29. h3 Rxe3 30. Nxe3 Qe4 31. Qd2 Bc6 32. Ng4 Qd3 33. Qxh6 Qd4+ 34. Kh1 Bd7 35. Qg5 Bxg4 36. Qxg4 Qxg4 0-1

[Event "La Lira Open"]
[Site "Barcelona ESP"]
[Date "1995.??.??"]
[Round "8"]
[White "Garcia Lopez, Alberto J"]
[Black "Martinez, JM."]
[Result "1-0"]
[WhiteElo "2000"]
[BlackElo "2020"]
[PlyCount "73"]
[EventDate "1995.04.??"]
[Source "www.chesslib.no"]
[SourceDate "2004.05.04"]

1. d4 Nf6 2. c4 c5 3. d5 e6 4. Nc3 exd5 5. cxd5 d6 6. Bg5 g6 7. Nf3 Bg7 8. e4 Nbd7 9. Be2 O-O 10. Nd2 Re8 11. f3 a6 12. a4 Qa5 13. O-O h6 14. Bf4 Ne5 15. Bxe5 dxe5 16. Qc2 Qc7 17. Rfd1 Nh5 18. Nc4 f5 19. d6 Qd8 20. Nd5 Rb8 21. Ne7+ Rxe7 22. dxe7 Qxe7 23. Nb6 Be6 24. Bc4 Nf4 25. Rd7 Qg5 26. Bxe6+ Nxe6 27. Qc4 Re8 28. Nd5 Kh8 29. Rxb7 Nd4 30. Rf1 a5 31. Qxc5 Ne2+ 32. Kh1 f4 33. Qb5 Ng3+ 34. hxg3 fxg3 35. Qxe8+ Kh7 36. Rxg7+ Kxg7 37. Qe7+ 1-0

[Event "Dreifluesse op"]
[Site "Passau"]
[Date "1998.04.11"]
[Round "3"]
[White "Seidl, Juergen"]
[Black "Rebitzer, Winfried"]
[Result "1-0"]
[WhiteElo "2126"]
[BlackElo "1889"]
[PlyCount "77"]
[EventDate "1998.04.10"]
[Source "www.chesslib.no"]
[SourceDate "2004.05.04"]

1. d4 Nf6 2. c4 e6 3. Nc3 c5 4. d5 exd5 5. cxd5 d6 6. Nf3 g6 7. e4 Bg7 8. Bg5 a6 9. a4 Bg4 10. Be2 Nbd7 11. O-O O-O 12. h3 Bxf3 13. Bxf3 Re8 14. Qd2 Rb8 15. Bf4 Qc7 16. Rab1 b5 17. axb5 axb5 18. b4 c4 19. Ra1 Rb7 20. Ra5 Reb8 21. Rfa1 Ne8 22. R1a3 Ne5 23. Be2 Qd8 24. Be3 Nc7 25. f4 Nd7 26. Bf3 Ra8 27. e5 Rxa5 28. Rxa5 Nf8 29. exd6 Qxd6 30. Ne4 Qd8 31. d6 Nce6 32. Nf6+ Qxf6 33. Bxb7 c3 34. Qf2 Nd4 35. Ra6 c2 36. Be4 Nf5 37. Bxf5 Qxf5 38. Rc6 Qd3 39. Qd2 1-0

[Event "Aix Les Bains FRA"]
[Site "?"]
[Date "2006.04.19"]
[Round "5.5"]
[White "Laurent Maxime"]
[Black "Filippas Sebastian"]
[Result "0-1"]
[WhiteElo "1882"]
[BlackElo "2113"]
[PlyCount "108"]
[EventDate "2006.??.??"]
[Source "www.chesslib.no"]
[SourceDate "2004.05.04"]

1. d4 Nf6 2. c4 e6 3. Nf3 c5 4. d5 exd5 5. cxd5 d6 6. Nc3 g6 7. Bg5 Bg7 8. e4 h6 9. Bh4 g5 10. Bg3 a6 11. Nd2 b5 12. Qc2 Nh5 13. a4 b4 14. Nd1 O-O 15. Bd3 Nxg3 16. hxg3 Re8 17. Ne3 Ra7 18. Ndc4 Rb7 19. Qb3 Qe7 20. O-O-O Bd7 21. Kd2 Qf6 22. Rhf1 Qe7 23. Rde1 Bd4 24. Nc2 Bg7 25. f4 Bb5 26. axb5 axb5 27. N2e3 bxc4 28. Nxc4 Qd8 29. Re2 Bf8 30. Rfe1 gxf4 31. gxf4 Qh4 32. Rf1 Nd7 33. Rf3 Nf6 34. Bc2 Nh5 35. g3 Qg4 36. Qd3 f6 37. e5 fxe5 38. fxe5 dxe5 39. Rfe3 e4 40. Rxe4 Rxe4 41. Qxe4 Qxe4 42. Rxe4 Nxg3 43. Rg4+ Rg7 44. Rf4 Nh5 45. Rf2 Rd7 46. Ne3 Bd6 47. Bf5 Rd8 48. Be6+ Kh8 49. Rf3 Nf4 50. Bf5 Be5 51. Be4 Ne6 52. Rh3 Kg7 53. Nf5+ Kf8 54. Rxh6 Bf4+ 0-1

[Event "Bad Salzuflen (08.06.-16.06)"]
[Site "?"]
[Date "2002.06.09"]
[Round "2"]
[White "Neese Hans-Joachim"]
[Black "Josting Friedel"]
[Result "1-0"]
[WhiteElo "2130"]
[BlackElo "1865"]
[PlyCount "93"]
[EventDate "2002.??.??"]
[Source "www.chesslib.no"]
[SourceDate "2004.05.04"]

1. d4 Nf6 2. Nf3 e6 3. c4 c5 4. d5 exd5 5. cxd5 d6 6. Nc3 g6 7. Bg5 Bg7 8. e4 O-O 9. Qc2 a6 10. a4 Re8 11. Be2 Bg4 12. O-O Nbd7 13. Rfe1 Rb8 14. a5 h6 15. Bh4 g5 16. Bg3 Ne5 17. Nxe5 dxe5 18. f3 Bd7 19. Bf2 Rc8 20. Bc4 Bf8 21. Be3 Bd6 22. Ra3 Rf8 23. g4 Ne8 24. Rea1 Qf6 25. Kg2 h5 26. h3 Kg7 27. Rb3 Rh8 28. Qe2 Qh6 29. Rh1 hxg4 30. fxg4 Nf6 31. Qe1 Qg6 32. Bd2 Rh4 33. Qe3 Bxg4 34. Qxg5 Bxh3+ 35. Rxh3 Rg4+ 36. Rg3 Rxg5 37. Rxg5 Qxg5+ 38. Bxg5 Rc7 39. Rb6 Rd7 40. Kf3 Ne8 41. Na4 f6 42. Be3 Rc7 43. Rb3 Be7 44. Rc3 Nd6 45. Nxc5 Kf7 46. Ba2 Nb5 47. d6+ 1-0

[Event "AUS Ch"]
[Site "?"]
[Date "1980.01.07"]
[Round "10.17"]
[White "Farrell Roger"]
[Black "Goldsmith Alan"]
[Result "1-0"]
[WhiteElo "1940"]
[BlackElo "1960"]
[PlyCount "82"]
[EventDate "1980.??.??"]
[Source "www.chesslib.no"]
[SourceDate "2004.05.04"]

1. d4 Nf6 2. c4 c5 3. d5 e6 4. Nc3 exd5 5. cxd5 d6 6. e4 g6 7. Nf3 Bg7 8. Bg5 h6 9. Bh4 g5 10. Bg3 O-O 11. Nd2 Re8 12. Be2 Na6 13. O-O Nc7 14. a4 a6 15. Qc2 Nfxd5 16. exd5 Bxc3 17. bxc3 Rxe2 18. Qd3 Re7 19. f4 f5 20. Nc4 b5 21. Nb6 c4 22. Qd2 Rg7 23. Nxa8 Nxa8 24. axb5 Nc7 25. bxa6 Nxa6 26. Qd4 Nc5 27. Qxc4 Re7 28. Rfe1 Ne4 29. Qd4 Rc7 30. c4 Bb7 31. Qb6 Qe7 32. Ra7 Qg7 33. fxg5 hxg5 34. Bxd6 Rd7 35. Bb4 Rf7 36. Kh1 g4 37. Ba3 Qe5 38. Qd6 Kg7 39. Qc5 Nxc5 40. Rxe5 Bxd5 41. Rxf7+ Bxf7 1-0